[Event "Orsha op-A 23rd"]
[Site "Orsha"]
[Date "2025.02.07"]
[Round "7"]
[White "Sharikov, Alexander"]
[Black "Poliakova, Varvara"]
[Result "1-0"]
[WhiteElo "2053"]
[BlackElo "2020"]
[PlyCount "161"]
[EventDate "2025.02.03"]
[EventType "swiss"]
[EventRounds "9"]
[EventCountry "BLR"]
[SourceTitle "CB07_2025"]
[SourceDate "2025.02.12"]
[SourceVersion "1"]
[SourceVersionDate "2025.02.12"]
[SourceQuality "1"]

1. Nf3 Nf6 2. d4 e6 3. c4 Bb4+ 4. Bd2 a5 5. e3 0-0 6. Bd3 d5 7. Nc3 Nbd7 8. 0-0 Re8 9. Qc2 h6 10. Rad1 c6 11. a3 Bxc3 12. bxc3 Qe7 13. cxd5 exd5 14. a4 Ne4 15. Bc1 Nb6 16. Ne5 Nd7 17. Nxd7 Bxd7 18. f3 Nd6 19. Rde1 Nc4 20. e4 Qf8 21. f4 b5 22. Bxc4 bxc4 23. e5 f5 24. Qa2 Qf7 25. Ba3 c5 26. Bxc5 Reb8 27. Rb1 Qe8 28. Bd6 Rxb1 29. Rxb1 Bxa4 30. Rb7 Bb3 31. Qe2 a4 32. Re7 Qg6 33. Qf3 Bc2 34. Ba3 Be4 35. Qg3 Qxg3 36. hxg3 Rb8 37. e6 Ra8 38. Kf2 Rb8 39. Kg1 Ra8 40. Kh2 Rb8 41. Bd6 Ra8 42. Be5 Ra6 43. Re8+ Kh7 44. e7 Re6 45. Bd6 Rxd6 46. Rd8 Re6 47. e8Q Rxe8 48. Rxe8 g5 49. Ra8 g4 50. Rxa4 Kg6 51. Ra6+ Kg7 52. Kg1 Kh7 53. Kf2 Kg7 54. Ra1 Kg6 55. Rh1 Kg7 56. Rh2 Kg6 57. Ke1 Kg7 58. Kd1 Kg6 59. Kc1 Kg7 60. Kb2 Kg6 61. Ka3 Kg7 62. Kb4 Kg6 63. Kc5 Kg7 64. Kd6 Kg6 65. Ke6 Kg7 66. Ke7 Bd3 67. Rh1 Be4 68. Rg1 Kg6 69. Ke6 h5 70. Ke5 h4 71. gxh4 g3 72. Rh1 Kh5 73. Rh3 Kg4 74. h5 Bxg2 75. Rxg3+ Kxg3 76. h6 Kf2 77. h7 Ke3 78. h8Q Kd3 79. Kxf5 Be4+ 80. Ke5 Kxc3 81. f5 1-0

[Event "Orsha op-A 23rd"]
[Site "Orsha"]
[Date "2025.02.05"]
[Round "4"]
[White "Borovikova, Marija"]
[Black "Sharikov, Alexander"]
[Result "0-1"]
[WhiteElo "1815"]
[BlackElo "2053"]
[PlyCount "46"]
[EventDate "2025.02.03"]
[EventType "swiss"]
[EventRounds "9"]
[EventCountry "BLR"]
[SourceTitle "CB07_2025"]
[SourceDate "2025.02.12"]
[SourceVersion "1"]
[SourceVersionDate "2025.02.12"]
[SourceQuality "1"]

1. e4 e6 2. d4 d5 3. Nc3 Nf6 4. Qd3 c5 5. exd5 exd5 6. Bg5 Be6 7. dxc5 Bxc5 8. 0-0-0 0-0 9. f4 h6 10. Bh4 Qc7 11. Nge2 Ne4 12. Nxd5 Bxd5 13. Qxd5 Re8 14. Qb3 Nc6 15. g4 Bf2 16. Qh3 Bxh4 17. Qxh4 Qb6 18. Rd3 Nb4 19. Rf3 Nxa2+ 20. Kb1 Nd2+ 21. Kxa2 Nxf3 22. Qg3 Qa5+ 23. Kb1 Nd2+ 0-1

[Event "Chigorin Memorial 31st"]
[Site "St Petersburg"]
[Date "2024.10.27"]
[Round "2"]
[White "Dorashava, Viktoryia"]
[Black "Sharikov, Alexander"]
[Result "0-1"]
[WhiteElo "1893"]
[BlackElo "2040"]
[PlyCount "62"]
[EventDate "2024.10.26"]
[EventType "swiss"]
[EventRounds "9"]
[EventCountry "RUS"]
[SourceTitle "CB45_2024"]
[Source "ChessBase"]
[SourceDate "2024.11.06"]
[SourceVersion "1"]
[SourceVersionDate "2024.11.06"]
[SourceQuality "1"]

1. d4 Nf6 2. c4 e6 3. g3 d5 4. Bg2 Be7 5. Nf3 0-0 6. 0-0 c6 7. Qc2 b6 8. Nbd2 Bb7 9. e4 Re8 10. e5 Nfd7 11. cxd5 cxd5 12. Nb1 b5 13. a3 Nc6 14. Nc3 b4 15. axb4 Nxb4 16. Qb1 a5 17. h4 Ba6 18. Rd1 h6 19. Nh2 Nf8 20. h5 Nh7 21. Ng4 Qb6 22. Bxh6 gxh6 23. Nxh6+ Kg7 24. Nxf7 Nf8 25. Qc1 Kxf7 26. Qf4+ Kg8 27. Qg4+ Kh7 28. f4 Bd3 29. Rxd3 Nxd3 30. f5 Nxe5 31. Qf4 Qxb2 0-1

[Event "Barcelona Sant Marti op-A 24th"]
[Site "Barcelona"]
[Date "2024.07.14"]
[Round "2"]
[White "Sharikov, Alexander"]
[Black "Vaibhav, Jayant Raut"]
[Result "1-0"]
[WhiteElo "2039"]
[BlackElo "2071"]
[PlyCount "87"]
[EventDate "2024.07.13"]
[EventType "swiss"]
[EventRounds "9"]
[EventCountry "ESP"]
[SourceTitle "CBM 221 Extra"]
[Source "ChessBase"]
[SourceDate "2024.09.30"]
[SourceVersion "1"]
[SourceVersionDate "2024.09.30"]
[SourceQuality "1"]

1. d4 Nf6 2. c4 e6 3. Nf3 b6 4. e3 Bb7 5. Bd3 Be7 6. 0-0 0-0 7. Nc3 d5 8. cxd5 exd5 9. b3 Nbd7 10. Bb2 Re8 11. Rc1 a6 12. Ne5 Bd6 13. f4 c5 14. Qf3 cxd4 15. exd4 Nf8 16. Rcd1 b5 17. Kh1 Rc8 18. Ne2 Ne4 19. Ng3 Nxg3+ 20. Qxg3 f6 21. Ng4 Kh8 22. Ne3 g6 23. Ng4 Rc7 24. Qh3 Bc8 25. f5 h5 26. Rde1 Rxe1 27. Rxe1 Kg8 28. Ne3 Bf4 29. Qf3 Bxe3 30. Rxe3 Qd6 31. fxg6 Bg4 32. Qg3 Qxg3 33. Rxg3 f5 34. Re3 f4 35. Re8 Kg7 36. h3 Bc8 37. Re5 Nxg6 38. Rxd5 Rc6 39. Rxh5 Rd6 40. d5+ Kf7 41. Rh7+ Kf8 42. Rc7 Ne7 43. Ba3 Rd7 44. Rxc8+ 1-0

[Event "Ufa Startsev Memorial"]
[Site "Ufa"]
[Date "2024.02.08"]
[Round "4"]
[White "Sharikov, Alexander"]
[Black "Belyakov, Bogdan"]
[Result "0-1"]
[WhiteElo "2105"]
[BlackElo "2416"]
[PlyCount "56"]
[EventDate "2024.02.06"]
[EventType "swiss"]
[EventRounds "9"]
[EventCountry "RUS"]
[SourceTitle "CBM 218 Extra"]
[Source "ChessBase"]
[SourceDate "2024.03.31"]
[SourceVersion "1"]
[SourceVersionDate "2024.03.31"]
[SourceQuality "1"]

1. d4 Nf6 2. c4 e6 3. Nc3 d5 4. cxd5 exd5 5. Bg5 Nbd7 6. e3 h6 7. Bh4 c6 8. Bd3 Be7 9. Nge2 Nh5 10. Bxe7 Qxe7 11. 0-0 0-0 12. Qd2 Re8 13. Rab1 Qg5 14. f4 Qe7 15. e4 dxe4 16. Nxe4 Ndf6 17. N2c3 Nxe4 18. Bxe4 Nf6 19. Rbe1 Qd6 20. d5 Be6 21. Qd4 Bxd5 22. Bxd5 Nxd5 23. Rxe8+ Rxe8 24. Qxa7 Ne3 25. Rf2 Ng4 26. Rf1 Qd2 27. Nd1 Re1 28. Qa4 Qe2 0-1

[Event "Chigorin Memorial 30th"]
[Site "St Petersburg"]
[Date "2023.10.27"]
[Round "7"]
[White "Sharikov, Alexander"]
[Black "Zakaryan, David"]
[Result "1/2-1/2"]
[WhiteElo "2071"]
[BlackElo "2307"]
[PlyCount "114"]
[EventDate "2023.10.21"]
[EventType "swiss"]
[EventRounds "9"]
[EventCountry "RUS"]
[SourceTitle "CBM 216 Extra"]
[Source "ChessBase"]
[SourceDate "2023.11.30"]
[SourceVersion "1"]
[SourceVersionDate "2023.11.30"]
[SourceQuality "1"]

1. d4 d5 2. c4 e6 3. Nc3 Bb4 4. cxd5 exd5 5. Qa4+ Nc6 6. Bf4 Bd7 7. Qd1 Nf6 8. e3 Ne4 9. Nge2 g5 10. Bg3 h5 11. h4 Nxg3 12. Nxg3 gxh4 13. Nxh5 Qg5 14. Nf4 0-0-0 15. a3 Bg4 16. Qa4 Rhe8 17. axb4 Qxf4 18. Be2 Rxe3 19. fxe3 Qxe3 20. Rf1 Nxd4 21. Rf2 Re8 22. Qxa7 h3 23. Qa8+ Kd7 24. Rxf7+ Re7 25. Rxe7+ Qxe7 26. Qxb7 Qh4+ 27. Kd1 Bxe2+ 28. Nxe2 Qh5 29. g4 h2 30. gxh5 h1Q+ 31. Kd2 Nb3+ 32. Kc2 Nxa1+ 33. Kd2 Qxh5 34. Qb5+ Kd8 35. Qb8+ Kd7 36. Qb5+ Ke7 37. Qc5+ Kd8 38. Qf8+ Kd7 39. Qf1 Qh6+ 40. Qf4 Qg6 41. Nd4 Qg2+ 42. Kc3 Kc8 43. Qf8+ Kb7 44. Qf3 Qg5 45. Ne2 Qe5+ 46. Kd3 Qd6 47. Nd4 Qa6+ 48. b5 Qd6 49. b4 Qe5 50. Qf5 Qg3+ 51. Nf3 Qd6 52. Kc3 Kb6 53. Qc8 Ka7 54. Qa6+ Qxa6 55. bxa6 Kxa6 56. Nd4 Kb6 57. Ne6 d4+ 1/2-1/2

[Event "Chigorin Memorial 30th"]
[Site "St Petersburg"]
[Date "2023.10.26"]
[Round "6"]
[White "Vlasenko, Miroslav"]
[Black "Sharikov, Alexander"]
[Result "1/2-1/2"]
[WhiteElo "2371"]
[BlackElo "2071"]
[PlyCount "140"]
[EventDate "2023.10.21"]
[EventType "swiss"]
[EventRounds "9"]
[EventCountry "RUS"]
[SourceTitle "CBM 216 Extra"]
[Source "ChessBase"]
[SourceDate "2023.11.30"]
[SourceVersion "1"]
[SourceVersionDate "2023.11.30"]
[SourceQuality "1"]

1. d4 d5 2. c4 e6 3. Nf3 Nf6 4. Nc3 Be7 5. Bf4 0-0 6. e3 Nbd7 7. cxd5 Nxd5 8. Nxd5 exd5 9. a3 c5 10. dxc5 Nxc5 11. Be5 Qb6 12. b4 Ne4 13. Qxd5 Bf5 14. Qb5 Qg6 15. Qxb7 Rae8 16. Bd3 Bf6 17. Bxf6 Nd6 18. Qd5 Bxd3 19. Qxd6 Qxg2 20. Qg3 Rxe3+ 21. Kd2 Qxg3 22. hxg3 Rxf3 23. Bd4 Be4 24. Bxa7 Rd8+ 25. Ke2 Rf5 26. Rh4 Bf3+ 27. Ke3 g5 28. Rd4 Re8+ 29. Kd2 Bd5 30. f4 g4 31. Re1 Ra8 32. Re7 h5 33. Rd3 Be6 34. Ke3 h4 35. gxh4 Rh5 36. a4 Rxh4 37. b5 Rh3+ 38. Kd2 Rxd3+ 39. Kxd3 g3 40. b6 Bd5 41. Re5 Rd8 42. Rg5+ Kf8 43. Rxg3 Ke7 44. Kc3 Bb7 45. Kb3 Kd7 46. Rd3+ Ke7 47. Rc3 Rc8 48. Rc7+ Rxc7 49. bxc7 Kd7 50. Bb6 Kc6 51. a5 Kd5 52. Kc3 Ba6 53. Bd4 Kc6 54. Bb6 Kd5 55. Ba7 Kc6 56. Bb8 Kd5 57. Kc2 f5 58. Kc3 Kc5 59. Ba7+ Kd5 60. Be3 Kc6 61. Bb6 Kd5 62. Bd4 Kc6 63. Be5 Kc5 64. Bd4+ Kc6 65. Bb6 Kd5 66. Kd2 Ke4 67. Be3 Kf3 68. Bg1 Kxf4 69. Kc3 Ke4 70. Kb4 Kd5 1/2-1/2

[Event "St Petersburg Rapid"]
[Site "St Petersburg"]
[Date "2023.08.26"]
[Round "3"]
[White "Volkov, Sergey"]
[Black "Sharikov, Alexander"]
[Result "1-0"]
[WhiteElo "2464"]
[BlackElo "2073"]
[PlyCount "165"]
[EventDate "2023.08.26"]
[EventType "swiss (rapid)"]
[EventRounds "11"]
[EventCountry "RUS"]
[SourceTitle "CBM 216 Extra"]
[Source "ChessBase"]
[SourceDate "2023.11.30"]
[SourceVersion "1"]
[SourceVersionDate "2023.11.30"]
[SourceQuality "1"]

1. d4 e6 2. c4 b6 3. e4 Bb4+ 4. Bd2 Bxd2+ 5. Qxd2 d5 6. cxd5 exd5 7. e5 Ne7 8. Nc3 0-0 9. Nf3 c5 10. Be2 Nbc6 11. dxc5 bxc5 12. 0-0 Bg4 13. Rfe1 Bxf3 14. Bxf3 Nd4 15. Bg4 Nec6 16. Rad1 Qh4 17. Bd7 Rad8 18. Bxc6 Nxc6 19. Nxd5 Nd4 20. Ne3 Nf3+ 21. gxf3 Rxd2 22. Rxd2 Qg5+ 23. Kh1 Qxe5 24. Rc1 h5 25. b3 Re8 26. Rd5 Qb2 27. Rc2 Qa1+ 28. Kg2 Re5 29. Rcxc5 Rxd5 30. Rxd5 Qxa2 31. b4 g6 32. Ra5 Qd2 33. Rxa7 Qxb4 34. Rd7 Qf4 35. Rd5 Kg7 36. h3 Kh6 37. Rb5 f5 38. Rc5 Qg5+ 39. Kh1 Qh4 40. Kg2 Qg5+ 41. Kh1 Qf4 42. Kg2 Kh7 43. Rc4 Qg5+ 44. Kh2 Qd8 45. Kg2 Qd2 46. Rc7+ Kh6 47. Rc4 Qe2 48. Ra4 Qb2 49. Rc4 Qb7 50. Ra4 Qf7 51. Rf4 Kh7 52. Ra4 Kg7 53. Rf4 Qd7 54. Rc4 Kf7 55. Rb4 Qd6 56. Rc4 Ke6 57. Ra4 Qc6 58. Rb4 Kf7 59. Rc4 Qd6 60. Ra4 Kg7 61. Rc4 f4 62. Nf1 Kh6 63. Re4 Kg5 64. Kh2 Qd5 65. Kg2 Qd7 66. Kh2 Qa7 67. Kg2 Qa5 68. Kh2 Qc5 69. Kg2 Qf5 70. Kh2 Kh4 71. Ng3 Qxh3+ 72. Kg1 g5 73. Rd4 Qc8 74. Kg2 Qh3+ 75. Kg1 Qc8 76. Kg2 Qe6 77. Re4 Qh3+ 78. Kg1 Qd7 79. Rd4 Qc8 80. Kg2 Qh3+ 81. Kg1 Qe6 82. Kg2 Qe5 83. Rd1 1-0

[Event "St Petersburg Korchnoi Memorial op"]
[Site "St Petersburg"]
[Date "2023.08.22"]
[Round "7"]
[White "Vlasenko, Miroslav"]
[Black "Sharikov, Alexander"]
[Result "1-0"]
[WhiteElo "2386"]
[BlackElo "2073"]
[PlyCount "120"]
[EventDate "2023.08.18"]
[EventType "swiss"]
[EventRounds "9"]
[EventCountry "RUS"]
[SourceTitle "CBM 216 Extra"]
[Source "ChessBase"]
[SourceDate "2023.11.30"]
[SourceVersion "1"]
[SourceVersionDate "2023.11.30"]
[SourceQuality "1"]

1. d4 Nf6 2. Bf4 b6 3. e3 Bb7 4. Nd2 e6 5. Ngf3 Nh5 6. Bg5 Be7 7. Bxe7 Qxe7 8. g4 Nf6 9. g5 Ne4 10. Nxe4 Bxe4 11. Bd3 Bb7 12. Qe2 Nc6 13. 0-0-0 Nb4 14. Bc4 d5 15. Bb3 a5 16. a3 a4 17. Qb5+ Nc6 18. Bxa4 0-0 19. Bb3 Na5 20. Ne5 c5 21. f4 Qc7 22. Ba2 Rfd8 23. Qe2 Nc4 24. Nxc4 dxc4 25. Rhe1 c3 26. dxc5 bxc5 27. Rxd8+ Qxd8 28. Qd3 cxb2+ 29. Kxb2 Qb6+ 30. Bb3 Qa5 31. Ra1 Rd8 32. Qc3 Qb6 33. Ka2 Ba6 34. Rb1 Rb8 35. Ka1 Rc8 36. Bc4 Qc6 37. Rd1 Bb7 38. h4 g6 39. Ka2 Ba6 40. Qd3 Bxc4+ 41. Qxc4 Ra8 42. Rd3 Kg7 43. Rc3 Rc8 44. Rb3 Qg2 45. Rb5 h5 46. gxh6+ Kxh6 47. Rxc5 Rd8 48. Rc7 Rd1 49. Rc8 Qd2 50. Qc5 Qc1 51. Rh8+ Kg7 52. Qc3+ f6 53. Rb8 Kh6 54. Rh8+ Kg7 55. Rb8 Kh6 56. e4 Rd2 57. Rh8+ Kg7 58. Rc8 Kh6 59. h5 Rd1 60. Rh8+ Kg7 1-0

[Event "St Petersburg Korchnoi Memorial op"]
[Site "St Petersburg"]
[Date "2023.08.19"]
[Round "3"]
[White "Skatchkov, Valery"]
[Black "Sharikov, Alexander"]
[Result "0-1"]
[WhiteElo "2242"]
[BlackElo "2073"]
[PlyCount "65"]
[EventDate "2023.08.18"]
[EventType "swiss"]
[EventRounds "9"]
[EventCountry "RUS"]
[SourceTitle "CBM 216 Extra"]
[Source "ChessBase"]
[SourceDate "2023.11.30"]
[SourceVersion "1"]
[SourceVersionDate "2023.11.30"]
[SourceQuality "1"]

1. Nf3 Nf6 2. c4 e6 3. g3 b6 4. Bg2 Bb7 5. d4 Bb4+ 6. Bd2 a5 7. 0-0 0-0 8. Bf4 Be7 9. Re1 d6 10. Nc3 Ne4 11. Qc2 Nxc3 12. Qxc3 c5 13. Red1 Bf6 14. Qa3 Ra6 15. dxc5 bxc5 16. Rd2 Qe7 17. Rad1 e5 18. Be3 e4 19. Ne1 Qe6 20. Bf4 Be7 21. Qe3 h6 22. h4 Nd7 23. f3 Nf6 24. Qb3 Ba8 25. Qb5 Rc6 26. g4 Nd7 27. Bg3 Ne5 28. Qb3 a4 29. Qc3 Nxc4 30. Rc2 Nb6 31. fxe4 Qxg4 32. Qf3 Qe6 33. Nd3 0-1

[Event "Chigorin Memorial 29th"]
[Site "St Petersburg"]
[Date "2022.10.25"]
[Round "4"]
[White "Volkov, Sergey"]
[Black "Sharikov, Alexander"]
[Result "1-0"]
[WhiteElo "2475"]
[BlackElo "2151"]
[PlyCount "73"]
[EventDate "2022.10.22"]
[EventType "swiss"]
[EventRounds "9"]
[EventCountry "RUS"]
[SourceTitle "EXT 2024"]
[Source "ChessBase"]
[SourceDate "2023.10.10"]
[SourceVersion "1"]
[SourceVersionDate "2023.10.10"]
[SourceQuality "1"]

1. d4 d5 2. c4 e6 3. Nc3 Nf6 4. cxd5 exd5 5. Bg5 c6 6. e3 Bf5 7. Qf3 Bg6 8. Bxf6 Qxf6 9. Qxf6 gxf6 10. Nf3 a5 11. Nh4 Be7 12. g3 Nd7 13. 0-0-0 a4 14. Bd3 a3 15. b3 Bb4 16. Ne2 c5 17. Bf5 c4 18. bxc4 dxc4 19. Kc2 Ra5 20. Nxg6 hxg6 21. Bxd7+ Kxd7 22. Rb1 Ra4 23. Nc3 Bxc3 24. Kxc3 Kc6 25. d5+ Kxd5 26. Rxb7 Ke4 27. Rxf7 f5 28. h4 Kf3 29. h5 Ke2 30. Rh4 gxh5 31. Rxf5 Rb8 32. Rxc4 Rxc4+ 33. Kxc4 Rb2 34. e4 Rxa2 35. Kb3 Rd2 36. Kxa3 Rd3+ 37. Kb2 1-0

[Event "Tuapse Rapid op"]
[Site "Tuapse"]
[Date "2022.06.28"]
[Round "11"]
[White "Sharikov, Alexander"]
[Black "Oganian, Miran"]
[Result "0-1"]
[WhiteElo "2117"]
[BlackElo "2437"]
[PlyCount "80"]
[EventDate "2022.06.26"]
[EventType "swiss (rapid)"]
[EventRounds "11"]
[EventCountry "RUS"]
[SourceTitle "CBM 209 Extra"]
[Source "ChessBase"]
[SourceDate "2022.09.30"]
[SourceVersion "1"]
[SourceVersionDate "2022.09.30"]
[SourceQuality "1"]

1. b3 d5 2. Bb2 Bg4 3. Nf3 Bxf3 4. gxf3 e6 5. e3 Nf6 6. h4 h5 7. c4 c6 8. Qc2 Nbd7 9. Rg1 Rg8 10. Nc3 Qc7 11. f4 g6 12. Bh3 Be7 13. Rc1 Rc8 14. d4 Qa5 15. Ke2 Qa6 16. Qd3 Nb6 17. cxd5 Qxd3+ 18. Kxd3 cxd5 19. f3 Bd6 20. Nb5 Bb8 21. Ba3 Kd7 22. Bc5 Rc6 23. a4 Nc8 24. a5 Rd8 25. Nc3 Ke8 26. Ne2 Nd6 27. Ng3 Nb5 28. Ne2 Rdc8 29. Bb4 Rxc1 30. Rxc1 Rxc1 31. Nxc1 Nd7 32. Ne2 Bc7 33. e4 f5 34. e5 Nb8 35. Be1 Nc6 36. b4 Bd8 37. Bf1 Be7 38. Ke3 Nxb4 39. Nc3 Nxc3 40. Bxc3 a6 0-1